000 00687nam a2200289Ia 4500
005 20260324140641.0
008 008 260324s9999 xx 000 0 eng d
020 _a9781003076056
037 _aEBOOK
040 _aCRL
040 _beng
040 _cCRL
041 _2eng
041 _aeng
084 _qCRL
100 _aJohn J Heldt
_91205207
245 0 _aQuality Sampling and Reliability
245 0 _bNew Uses for the Poisson Distribution
260 _bTaylor and Francis
260 _c1998
365 _a
365 _b230
856 _uhttp://www.taylorfrancis.com/books/9781003076056
942 _cEBOOK
999 _c1807503
_d1807503